Statistics for Famous Sports Scandals

Click here to take the quiz!

General Stats

  • This quiz has been taken 43 times
  • The average score is 8 of 15

Answer Stats

ClueScandal% Correct
This golfer cheats on his wifeTiger Woods
92%
This career home run leader is caught using PED'sBarry Bonds
82%
The Patriots manipulate game balls in the 2015 AFC ChampionshipDeflategate
79%
This seven-time Tour de France champion is caught using PED'sLance Armstrong
76%
This figure skater orchestrates an attack on Nancy KerriganTonya Harding
76%
This Cincinnati Reds legend is caught gambling on gamesPete Rose
71%
The NFL attempts to cover up medical research on this injuryConcussion
55%
This Black Sox player throws the 1919 World Series"Shoeless" Joe Jackson
55%
New Orleans Saints players are offered bonuses for injuring opponentsBountygate
53%
This Heisman winner is caught accepting gifts from agentsReggie Bush
53%
FIFA officials are bribed to host the 2022 World Cup in this countryQatar
47%
The New England Patriots videotape a rival's defensive signalsSpygate
42%
A football coach for this university is convicted of sexually assaulting childrenPenn State
39%
This NBA referee is caught rigging gamesTim Donaghy
21%
This American sprinter is banned from the Olympics for using PED'sJustin Gatlin
0%

Score Distribution

Percentile by Number Answered

Percent of People with Each Score

Your Score History

You have not taken this quiz